Statistics for British Quiz

Click here to take the quiz!

General Stats

  • This quiz has been taken 27 times
  • The average score is 7 of 11

Answer Stats

HintAnswer% Correct
Capital CityLondon
100%
Most popular foodFish and Chips
93%
Biggest SportFootball
93%
Capital of ScotlandEdinburgh
89%
King/QueenKing Charles III
89%
Capital of Northen IrelandBelfast
81%
Capital of WalesCardiff
74%
Tallest MountainBen Nevis
56%
National FlowerRed Rose
11%
Most Popular TakeawayFish Shop
7%
Founding Town of the NHSTredegar
7%

Score Distribution

Percentile by Number Answered

Percent of People with Each Score

Your Score History

You have not taken this quiz